Geometric methods in the elastic theory of membranes in liquid crystal phases /

Bibliographic Details
Main Author: Ou-Yang, Zhong-Can
Other Authors: Liu, Ji-Xing, Xie, Yu-Zhang
Format: Book
Language:English
Published: Singapore ; River Edge, N.J. : World Scientific, [1999]
Series:Advanced series on theoretical physical science ; v. 2.
Subjects:

MARC

Tag First Indicator Second Indicator Subfields
LEADER 00000cam a2200000 a 4500
001 in00001511621
005 20151021093857.0
008 990617s1999 si a 000 0 eng d
020 |a 9810232489 
035 |a (OCoLC)41562020 
035 |9 AJK5166AM 
040 |a P9K  |c P9K  |d GZQ  |d TXA  |d UtOrBLW 
049 |a TXAM 
090 |a QC173.4.L55  |b O89 1999 
100 1 |a Ou-Yang, Zhong-Can. 
245 1 0 |a Geometric methods in the elastic theory of membranes in liquid crystal phases /  |c Ou-Yang Zhong-Can & Liu Ji-Xing, Xie Yu-Zhang. 
264 1 |a Singapore ;  |a River Edge, N.J. :  |b World Scientific,  |c [1999] 
264 4 |c ©1999 
300 |a x, 234 pages :  |b illustrations ;  |c 23 cm. 
336 |a text  |b txt  |2 rdacontent 
337 |a unmediated  |b n  |2 rdamedia 
338 |a volume  |b nc  |2 rdacarrier 
490 1 |a Advanced series on theoretical physical science ;  |v v. 2 
504 |a Includes bibliographies and indexes. 
650 0 |a Liquid crystal films. 
650 0 |a Polymer liquid crystals. 
650 0 |a Liquid membranes. 
700 1 |a Liu, Ji-Xing. 
700 1 |a Xie, Yu-Zhang. 
830 0 |a Advanced series on theoretical physical science ;  |v v. 2. 
948 |a c:blr 
999 |a MARS 
999 f f |s 7fa6986a-90f2-3b04-9583-e17601ad1673  |i 93e7ff33-0215-3aad-b62b-d77be2d9e697  |t 0 
952 f f |p normal  |a Texas A&M University  |b College Station  |c Sterling C. Evans Library  |d Evans: Library Stacks  |t 0  |e QC173.4.L55 O89 1999  |h Library of Congress classification  |i unmediated -- volume  |m A14825252849 
998 f f |a QC173.4.L55 O89 1999  |t 0  |l Evans: Library Stacks